00385nam a22001337a 4500003000400000008004100004020002200045100001700067245006300084250000800147260005200155300000700207650003700214OSt200714b ||||| |||| 00| 0 eng d a978-93-88756-20-4 a Khare, Ekta aPractical Manual of Pharmaceutical Organic Chemistry – I a1st aAgrabR. Narain Publishers & Distributorsc2019 a56 aPharmaceutical Organic Chemistry